UGC NET/ JRF/ SET Computer Science & Applications: (Record no. 180452)

MARC details
000 -LEADER
fixed length control field 00651nam a22001937a 4500
005 - DATE AND TIME OF LATEST TRANSACTION
control field 20220218153049.0
010 ## - LCCN (DPL NO)
LC control number ENG-129706
020 ## - INTERNATIONAL STANDARD BOOK NUMBER
Terms of availability 3595.00
International Standard Book Number 9789390157204
035 ## - SYSTEM CONTROL NUMBER
System control number EN-113238
037 ## - SOURCE OF ACQUISITION
Source of stock number/acquisition DBAD/PUB
082 ## - DEWEY DECIMAL CLASSIFICATION NUMBER
Classification number 004
245 ## - TITLE STATEMENT
Title UGC NET/ JRF/ SET Computer Science & Applications:
Remainder of title Paper-II/
Statement of responsibility, etc Munish Jindal [et. al.]
250 ## - EDITION STATEMENT
Edition statement 2021
260 ## - PUBLICATION, DISTRIBUTION, ETC. (IMPRINT)
Place of publication, distribution, etc New Delhi
Name of publisher, distributor, etc D.P.S Publishing House
Date of publication, distribution, etc 2020
270 ## - ADDRESS
Address 4598/12B,Gola Cottage, Ansari Road, Darya Ganj
City New Delhi
Postal code 110002
Telephone number 011-43586184
Electronic mail address dpspublishinghouse@gmail.com
300 ## - PHYSICAL DESCRIPTION
Extent 1026 p.
Dimensions 26cm (hbk)
700 ## - ADDED ENTRY--PERSONAL NAME
Personal name Jindal, Munish
942 ## - ADDED ENTRY ELEMENTS (KOHA)
Source of classification or shelving scheme Dewey Decimal Classification
Item type English Books
Classification part 004
Call number suffix JIN
Holdings
Withdrawn status Lost status Not for loan Collection code Home library Current library Date acquired Source of acquisition Cost, normal purchase price Full call number Barcode Copy number Cost, replacement price Koha item type
      Non-fiction Ashok Vihar Ashok Vihar 09/08/2021 DBAD/PUB 3595.00 004 JIN EN-113238 1 3595.00 English Books

© Delhi Public Library
Hit Counter
free hit counter